| 000 | 00415cam a2200169ua 4500 | ||
|---|---|---|---|
| 020 | _c135.00 | ||
| 041 |
_aeng _h |
||
| 082 |
_a302.3 _bTHE/DY |
||
| 100 | _aThelen, Herbert.A . | ||
| 245 |
_aDynamics of groups at work / _cA.Herbert Thelen. _hTextual Documents |
||
| 260 |
_a : _bUniversity press , _c1954. |
||
| 300 | _a379 ; . | ||
| 365 | _a135.00 | ||
| 504 | _a | ||
| 942 | _cBK | ||
| 999 |
_c1733 _d1733 |
||